01796nam a2200409 a 4500001001000000003000500010005001700015008004100032010001100073011001100084040000900095090001000104100003800114245021700152260004100369500006000410502006900470590004100539590004000580590004000620590004000660590004000700590004000740650005300780650002900833650003500862650002900897650003400926700004800960856007001008901000701078942001001085942000601095999001901101952013101120952013501251000113259CHAP20220329144346.0170525s2016 mx sm |||||||spa d a109720 a110692 cCHAP aTesis1 aSánchez Rangel, Ulisses913237010aCalidad de suelo asociado a pitaya (Stenocereus stellatus), bajo diferentes agrosistemas, en el municipio de Tepalcingo, Morelos /h[En línea]cpor Ulisses Sánchez Rangel y Víctor Cuauhtémoc Vera Herrera. aChapingo, Méx. :bEl autor,c2016. aPara ver el contenido del material haga clic en la liga aTesis (Ing. Agr. Esp. en Suelos) -- UACH. Departamento de Suelos aBATCH-UPDb05c20170525lUCH01h1459 aE8697GMMb05c20170525lUCH01h1219 aE8697GMMb05c20170525lUCH01h1249 aE8697GMMb05c20170525lUCH01h1458 aE8697GMMb05c20170526lUCH01h1122 aE8697GMMb05c20170526lUCH01h112314aHylocereusxFisiología y morfología.913077414aPitayaxCultivo.913237214aPitayaxPropagación.913017114aSuelosxCalidad.913238314aSuelosxEvaluación.91103641 aVera Herrera, Víctor Cuauhtémoc9132371 aFinding aiduhttp://10.13.5.2/tesis/sist113259.pdfzTeclea aquí aBK cTESIS n0 c109720d109720 00104054718TESISaBCbBCd2017-05-25fTESISl0oTesisp113261-10r2019-12-31 00:00:00w2019-12-31yTESISzRecien adquirido 00102local4053708TESISaBCbBCcPA_TESISd2017-05-25fTESISl0oTesisp113261-20r2019-12-31 00:00:00tc.2w2019-12-31yTESIS